000 00749nab a2200205 uc4500
001 664164
005 20240201163503.0
008 010515s2000 spa
035 _a664164
035 _a(OCoLC)819907683
040 _ccomduadb
041 _aspa
100 1 0 _aFurst, Peter T.
_4aut
_eaut
_9255159
245 1 0 _aAminoacidos condicionalmente indispensables en la alimentacion enteral (glutamina, cistina, cisteina, tirosina, arginina, ornitina, taurina) y el concepto dipeptidos
650 7 _aAminoácidos
_2dcs
_92097
650 _aNutrición enteral
_919095
650 _aAtención nutricional
_917893
773 0 _tLecturas sobre Nutrición (Bogotá)
_gNo. 28, 2000, p. 23-40
_w348449
_x0122-5634
_0111892
942 _cARIMP
999 _c201014
_d201014